| 000 | 00642cam a2200217 a 4500 | ||
|---|---|---|---|
| 020 | _a9789251067185 | ||
| 020 | _a925106718X | ||
| 040 | _cDLC | ||
| 082 | 0 | 0 | _a338 FOO 2011 |
| 245 | 0 | 0 | _aBiosafety resource book. |
| 260 |
_aRome : _bFood and Agriculture Organization of the United Nations, _c2011. |
||
| 300 |
_a5 v. : _bill. ; _c25 cm. |
||
| 650 | 0 | _aBiotechnology | |
| 650 | 0 | _aBiotechnology | |
| 650 | 0 | _aBiotechnology industries | |
| 700 | 1 | _aBrandenberg, Oliver. | |
| 700 | 1 | _aHodson de Jaramillo, Elizabeth. | |
| 700 | 1 | _aSensi, Alessandra. | |
| 710 | 2 | _aFood and Agriculture Organization of the United Nations. | |
| 942 | _cEK | ||
| 999 |
_c11320 _d11320 |
||